|
|
|
|
| LEADER |
00000nam0a2200000 4500 |
| 001 |
259575 |
| 005 |
20231101233410.0 |
| 035 |
|
|
|a (RuTPU)RU\TPU\book\282519
|
| 090 |
|
|
|a 259575
|
| 100 |
|
|
|a 20140512d1967 k y0rusy50 ca
|
| 101 |
0 |
|
|a rus
|
| 102 |
|
|
|a RU
|
| 105 |
|
|
|a a z 001zy
|
| 200 |
1 |
|
|a Спиновые волны
|f А. И. Ахиезер, В. Г. Барьяхтар, С. В. Пелетминский
|
| 210 |
|
|
|a Москва
|c Наука
|d 1967
|
| 215 |
|
|
|a 368 с.
|c ил.
|
| 320 |
|
|
|a Библиогр.: с. 364-368.
|
| 606 |
1 |
|
|a Спиновые волны, нелинейные
|2 stltpush
|3 (RuTPU)RU\TPU\subj\55855
|9 73812
|
| 610 |
1 |
|
|a ферромагнетики
|
| 610 |
1 |
|
|a антиферромагнетики
|
| 610 |
1 |
|
|a магнитоупругие волны
|
| 610 |
1 |
|
|a термодинамика
|
| 610 |
1 |
|
|a кинетика
|
| 610 |
1 |
|
|a квантование
|
| 675 |
|
|
|a 537.63
|v 3
|
| 700 |
|
1 |
|a Ахиезер
|b А. И.
|g Александр Ильич
|
| 701 |
|
1 |
|a Барьяхтар
|b В. Г.
|g Виктор Григорьевич
|
| 701 |
|
1 |
|a Пелетминский
|b С. В.
|g Сергей Владимирович
|
| 801 |
|
1 |
|a RU
|b 63413507
|c 20140512
|
| 801 |
|
2 |
|a RU
|b 63413507
|c 20180226
|g RCR
|
| 942 |
|
|
|c BK
|